000 00285nam a22001337a 4500
008 170313b xxu||||| |||| 00| 0 eng d
020 _a0120445638
041 _aeng
080 _23ED
_a591
100 _a7
101 _aSHM
245 _aPLANT PATHALOGY
_cAGRIOS.G.N
942 _2udc
_cBK
999 _c7712
_d7712